Enhancing Climate Change Mitigation through Agriculture
Gespeichert in:
| Format: | Buch |
|---|---|
| Sprache: | Englisch |
| Veröffentlicht: |
Paris
OECD
2019
|
| Schlagworte: | |
| Tags: |
Keine Tags, Fügen Sie das erste Tag hinzu!
|
MARC
| LEADER | 00000nam a2200000 4500 | ||
|---|---|---|---|
| 001 | 0267399 | ||
| 005 | 20221220064419.3 | ||
| 020 | |a 978-92-64-62743-7 | ||
| 041 | 0 | |a eng | |
| 044 | |a FR | ||
| 245 | 1 | 0 | |a Enhancing Climate Change Mitigation through Agriculture |
| 264 | 1 | |a Paris |b OECD |c 2019 | |
| 300 | |a 132 s. | ||
| 610 | 2 | 0 | |a zmeny klimatické |
| 610 | 2 | 0 | |a poľnohospodárstvo |
| 610 | 2 | 0 | |a farmy |
| 610 | 2 | 0 | |a emisie |
| 610 | 2 | 0 | |a politika poľnohospodárska |
| 610 | 2 | 0 | |a analýzy |
| 610 | 2 | 0 | |a doprava |
| 610 | 2 | 0 | |a biopalivá |
| 610 | 2 | 0 | |a porovnanie štatistické medzinárodné |